000 00656nam a22002177a 4500
003 UA-OsUOA
001 112179
007 ta
008 20150622b un ||||| |||| 00| 0 ukr d
100 _aМеркулов М.
090 _a82
_bМ52
942 _cSA
040 _aUA-OsUOA
_bukr
_cUA-OsUOA
_dUA-OsUOA
245 _aТема натури як Божого промислу у творчості Григорія Сковороди і Климентія Зіновієва
300 _aС,8-15 с.
955 _a0
041 _aukr
080 _a82
773 0 _w112177
650 7 _a82 Література. Літературознавство
_2UDC
999 _c398264
_d398264